| 000 | 00514cam a2200169 a 4500 | ||
|---|---|---|---|
| 001 | 000006142 | ||
| 005 | 20200929151941.0 | ||
| 008 | 820406s1981 ck 001 0 spa | ||
| 040 |
_aDO-SdBNP _bspa _cBNPHU |
||
| 082 |
_aCo861.44 _bD359p |
||
| 100 | 1 |
_aDelmar, Meira _q(Olga Isabel Chams Eljach), _d1922-2009. _917270 |
|
| 245 | 1 | 0 |
_aPoesía / _cMeira Delmar. |
| 260 |
_aBogotá : _bCarlos Valencia, _c1981. |
||
| 300 |
_a162 p. ; _c21 cm. |
||
| 650 | 4 |
_aPoesìa colombiana _93742 |
|
| 650 | 4 |
_aLiteratura colombiana _91244 |
|
| 999 |
_c5938 _d5938 |
||